000 00521nam a2200193Ia 4500
008 230125s9999 xx 000 0 und d
041 _aeng
082 _a491.4603
_bBAR
100 _aBaride P R
_9112725
245 _aShrimat Sankshkipatta Dasbodha
250 _a1st Ed.
260 _c1999
_bShri samarth seva mandal
_aPune
300 _a117p
500 _aMarathi bok,Sankshkipatta Dasbodha
500 _aLiterature;Marathi Literature
650 _aGeneral
700 _aBaride P R
_9112725
999 _c89710
_d89710